[Event "American op 54th"]
[Site "Costa Mesa"]
[Date "2018.11.24"]
[Round "6"]
[White "Suresh, Mahadevan"]
[Black "Simms, Rickie"]
[Result "1-0"]
[WhiteElo "2186"]
[BlackElo "1947"]
[PlyCount "62"]
[EventDate "2018.11.22"]
[EventType "swiss"]
[EventRounds "8"]
[EventCountry "USA"]
[SourceTitle "CBM 188 Extra"]
[Source "ChessBase"]
[SourceDate "2019.02.26"]
[SourceVersion "1"]
[SourceVersionDate "2019.02.26"]
[SourceQuality "1"]

1. e4 c5 2. Nf3 d6 3. d4 cxd4 4. Nxd4 Nf6 5. Nc3 a6 6. f3 e5 7. Nb3 Be6 8. Be3 Be7 9. Qd2 Nbd7 10. 0-0-0 0-0 11. g4 b5 12. h4 Nb6 13. Qf2 Nc4 14. Bxc4 bxc4 15. Nd2 Rb8 16. Ndb1 Qa5 17. h5 Rfc8 18. Rdg1 d5 19. g5 Ne8 20. exd5 Bxd5 21. g6 Be6 22. Qg2 Bf5 23. gxf7+ Kxf7 24. a3 Rb7 25. f4 Rcb8 26. Nd1 Rxb2 27. Nxb2 Bxa3 28. Nxa3 Qxa3 29. Qd5+ Be6 30. Qxe5 c3 31. Rxg7+ Kf8 1-0

[Event "American op 54th"]
[Site "Costa Mesa"]
[Date "2018.11.23"]
[Round "4"]
[White "Suresh, Mahadevan"]
[Black "Salik, Serkan"]
[Result "1-0"]
[WhiteElo "2186"]
[BlackElo "1884"]
[PlyCount "91"]
[EventDate "2018.11.22"]
[EventType "swiss"]
[EventRounds "8"]
[EventCountry "USA"]
[SourceTitle "CBM 188 Extra"]
[Source "ChessBase"]
[SourceDate "2019.02.26"]
[SourceVersion "1"]
[SourceVersionDate "2019.02.26"]
[SourceQuality "1"]

1. e4 c5 2. Nf3 d6 3. d4 cxd4 4. Nxd4 Nf6 5. Nc3 a6 6. Be2 e5 7. Nb3 Be7 8. 0-0 0-0 9. Be3 Be6 10. Qd2 Nbd7 11. Rfd1 Qc7 12. f3 Rfd8 13. Qe1 Rac8 14. Qf2 b5 15. Rac1 Qb7 16. Rd2 b4 17. Na4 Qc6 18. Nb6 Rb8 19. Nxd7 Rxd7 20. Rcd1 Bd8 21. Nc1 a5 22. b3 d5 23. Nd3 d4 24. Bg5 Qc7 25. Qg3 Nh5 26. Bxd8 Nxg3 27. Bxc7 Nxe2+ 28. Rxe2 Rxc7 29. Nxe5 f6 30. Nd3 Rbc8 31. Ne1 Rd8 32. Red2 Rcd7 33. Nd3 Rc7 34. Nf4 Kf7 35. Ne2 Ra8 36. Nxd4 a4 37. Nxe6 Kxe6 38. Kf2 Rca7 39. Rd6+ Ke7 40. Rb6 Rc8 41. Rd2 Rac7 42. Rxb4 Rxc2 43. Ke2 a3 44. Ra4 Rxd2+ 45. Kxd2 Rd8+ 46. Ke2 1-0

[Event "American op 54th"]
[Site "Costa Mesa"]
[Date "2018.11.22"]
[Round "2"]
[White "Suresh, Mahadevan"]
[Black "Shlyakhtenko, Robert"]
[Result "1/2-1/2"]
[WhiteElo "2186"]
[BlackElo "2190"]
[PlyCount "49"]
[EventDate "2018.11.22"]
[EventType "swiss"]
[EventRounds "8"]
[EventCountry "USA"]
[SourceTitle "CBM 188 Extra"]
[Source "ChessBase"]
[SourceDate "2019.02.26"]
[SourceVersion "1"]
[SourceVersionDate "2019.02.26"]
[SourceQuality "1"]

1. e4 c5 2. f4 e6 3. Nf3 d5 4. e5 Nc6 5. Be2 Bd7 6. 0-0 Nh6 7. c3 Nf5 8. d3 Be7 9. Na3 Qb6 10. Nc2 f6 11. Kh1 0-0-0 12. d4 cxd4 13. Ncxd4 Nfxd4 14. cxd4 Be8 15. a3 Bh5 16. Be3 Qxb2 17. Rf2 Bxf3 18. Rxf3 fxe5 19. dxe5 d4 20. Bf2 d3 21. Bxd3 Rd5 22. Rb1 Qa2 23. Ra1 Qb2 24. Rb1 Qa2 25. Ra1 1/2-1/2